[Event "Cattolica op"]
[Site "Cattolica"]
[Date "2005.06.14"]
[Round "4"]
[White "Sautto, Alessandra"]
[Black "Orsi, Lorenzo"]
[Result "1-0"]
[WhiteElo "1968"]
[BlackElo "1700"]
[PlyCount "33"]
[EventDate "2005.06.11"]
[EventType "swiss"]
[EventRounds "9"]
[EventCountry "ITA"]
[SourceTitle "EXT 2007"]
[Source "ChessBase"]
[SourceDate "2006.11.23"]
[SourceVersion "1"]
[SourceVersionDate "2006.11.23"]
[SourceQuality "1"]

1. d4 Nf6 2. Nf3 c5 3. e3 b6 4. c4 Bb7 5. Nc3 g6 6. d5 d6 7. Bd3 Bg7 8. e4 0-0 9. 0-0 Nbd7 10. h3 a6 11. a4 Re8 12. Be2 Nh5 13. Be3 Ne5 14. Nxe5 dxe5 15. Qd2 e6 16. Rad1 Qh4 17. Bg5 1-0